| 000 | 01539nam a22004097a 4500 | ||
|---|---|---|---|
| 003 | CHAP | ||
| 005 | 20220329143319.0 | ||
| 008 | 080521d2008 mx r 00110 spa d | ||
| 010 | _a94829 | ||
| 011 | _a95801 | ||
| 035 | _a106432 | ||
| 040 | _cCHAP | ||
| 090 | _aTesis | ||
| 100 | 1 |
_aOrtíz López, Rosalba. _984121 |
|
| 245 | 1 | 0 |
_aSinecología del bosque de pino-encino en El Punto, Santa Catarina Ixtepeji, Ixtlán, Oaxaca _c/por Rosalba Ortíz López |
| 260 |
_aChapingo, Méx. : _bEl autor, _c2008 |
||
| 300 |
_a65 h. : _bilus. ; gráfs. ; cuadros + anexo |
||
| 502 | _aTesis (Ing. Forestal) -- UACH. División de Ciencias Forestales | ||
| 530 | _aTambién disponible en línea | ||
| 590 |
_aALEPH _b10 _c20130110 _lUCH01 _h1522 |
||
| 590 |
_aBATCH-UPD _b10 _c20130110 _lUCH01 _h1005 |
||
| 590 |
_aBATCH-UPD _b10 _c20130410 _lUCH01 _h0615 |
||
| 590 |
_aBATCH-UPD _b10 _c20130914 _lUCH01 _h0723 |
||
| 590 |
_aBATCH-UPD _b10 _c20140324 _lUCH01 _h1506 |
||
| 590 |
_aBATCH-UPD _b10 _c20141002 _lUCH01 _h0836 |
||
| 590 |
_aCONVERSION _b10 _c20130109 _lUCH01 _h1352 |
||
| 650 | 1 | 4 |
_aÁrboles _xClasificación. _982435 |
| 650 | 1 | 4 |
_aBosques _zOaxaca. _914420 |
| 650 | 1 | 4 |
_aEcología forestal. _935176 |
| 650 | 1 | 4 |
_aPináceas. _988210 |
| 650 | 1 | 4 |
_aSinecología. _9106578 |
| 856 |
_3Finding aid _uhttp://10.13.5.2/tesis/106432.pdf _zTeclea aqui |
||
| 901 | _aBK | ||
| 942 | _cFOLL | ||
| 949 |
_aTesis _bBC _cTES _d33724002057355 _eTS2 _fc.2 _gDonaciØn _h47677 _i106432 _sb |
||
| 949 |
_aTesis _bBC _cTES _d33724002057397 _eTS1 _gDonaciØn _h47676 _i106432 _sb |
||
| 999 |
_c94829 _d94829 |
||